JoJo´s Bizarre Adventure: All Stands (Parts 3 - 9) - Statistics

General Stats
  • This quiz has been taken 96 times
  • The average score is 65 of 172
Answer Stats
Hint Answer % Correct
Part 3 – Stardust Crusaders Star Platinum
91%
Hermit Purple
81%
Silver Chariot
81%
The World
79%
Part 3 – Stardust Crusaders Magician's Red
77%
Hierophant Green
74%
Part 7 – Steel Ball Run The World (Alternate Universe)
74%
Part 5 – Golden Wind Gold Experience
70%
The Hand
65%
Anubis
63%
Part 4 – Diamond is Unbreakable Crazy Diamond
63%
Emperor
63%
Killer Queen
63%
Killer Queen (Alternate Universe)
63%
Sun
63%
Death Thirteen
60%
King Crimson
60%
The Fool
60%
Part 3 – Stardust Crusaders Cream
58%
Hanged Man
58%
Red Hot Chili Pepper
58%
Wheel of Fortune
58%
Aerosmith
56%
Justice
56%
Moody Blues
56%
Sex Pistols
56%
Sticky Fingers
56%
Part 6 – Stone Ocean Stone Free
56%
Tower of Gray
56%
Echoes|Echoes Act 1|Echoes Act 2|Echoes Act 3
53%
Empress
53%
Kiss
53%
White Snake
53%
Dark Blue Moon
51%
Gold Experience Requiem
51%
Heaven's Door
51%
Part 6 – Stone Ocean Made in Heaven
51%
Purple Haze
51%
Part 7 – Steel Ball Run Tusk|Tusk Act 1|Tusk Act 2|Tusk Act 3|Tusk Act 4
51%
Weather Report
51%
Yellow Temperance
51%
Chariot Requiem
49%
C-Moon
49%
Foo Fighters
49%
Metallica
49%
Strength
49%
Bad Company
47%
Dirty Deeds Done Dirt Cheap
47%
Ebony Devil
47%
Osiris
47%
Bastet
44%
Green Day
44%
Horus
44%
Khnum
44%
Part 4 – Diamond is Unbreakable Killer Queen: Bites the Dust
44%
Killer Queen: Sheer Heart Attack
44%
Love Deluxe
44%
Lovers
44%
Pearl Jam
44%
Part 8 – JoJolion Soft & Wet
44%
Spice Girl
44%
Wonder of U
44%
Black Sabbath
42%
Cinderella
42%
Diver Down
42%
Oasis
42%
Scary Monsters
42%
The Lock
42%
White Album
42%
Aqua Necklace
40%
Atum
40%
Beach Boy
40%
Harvest
40%
High Priestess
40%
Highway Star
40%
Judgement
40%
Man in the Mirror
40%
Part 9 – The JoJoLands November Rain
40%
Sethan
40%
Atom Heart Father
37%
Cheap Trick
37%
Geb
37%
Hey Ya!
37%
Little Feet
37%
Mr. President
37%
Notorious B.I.G
37%
Rolling Stones
37%
Super Fly
37%
Surface
37%
Talking Head
37%
Tenore Sax
37%
The Grateful Dead
37%
Baby Face
35%
Ball Breaker
35%
Clash
35%
Enigma
35%
Goo Goo Dolls
35%
Smooth Operators
35%
Tohth
35%
Bohemian Rhapsody
33%
Boy II Man
33%
Burning Down the House
33%
Kraft Work
33%
Part 7 – Steel Ball Run Love Train
33%
Ratt
33%
Soft Machine
33%
Stray Cat
33%
Achtung Baby
30%
Catch the Rainbow
30%
Earth Wind and Fire
30%
Paisley Park
30%
King Nothing
28%
Nut King Call
28%
Sky High
28%
Survivor
28%
California King Bed
26%
Highway to Hell
26%
Jail House Lock
26%
Limp Bizkit
26%
Planet Waves
26%
The Hustle
26%
Yo-Yo Ma
26%
Cream Starter
23%
Dragon's Dream
23%
Fun Fun Fun
23%
Green Green Grass of Home
23%
In a Silent Way
23%
Love Love Deluxe
23%
Manhattan Transfer
23%
Marilyn Manson
23%
Speed King
23%
THE MATTEKUDASAI
23%
Ticket to Ride
23%
Under World
23%
20th Century Boy
21%
Doggy Style
21%
Tomb of the Boom
21%
Vitamin C
21%
Wired
21%
Bigmouth Strikes Again
19%
Born This Way
19%
Chocolate Disco
19%
Doctor Wu
19%
Jumpin' Jack Flash
19%
Mandom
19%
Milagro Man
19%
Paper Moon King
19%
200 Balloons
16%
Bags' Groove
16%
Blue Hawaii
16%
Civil War
16%
Doobie Wah!
16%
I Am a Rock
16%
Les Feuilles
16%
Oh! Lonesome Me
16%
Tubular Bells
16%
Awaking III Leaves
14%
Boku no Rhythm wo Kiitekure
14%
Cat Size
14%
Glory Days
14%
Lyin' Eyes
14%
Schott Key nº1| Schott Key nº2
14%
Space Trucking
14%
Sugar Mountain´s Spring
14%
Walking Heart
14%
West End Girl
14%
Brain Storm
12%
Ozone Baby
12%
Tatoo You!
9%
Part 5 – Golden Wind King Crimson Requiem
7%
No matching quizzes found
Score Distribution
Percent of People with Each Score
Percentile by Number Answered
Your Score History
You have not taken this quiz